000
00298nam a22001217a 4500
008
180917b xxu||||| |||| 00| 0 eng d
041
_a
eng
080
_a
321
100
_a
16
101
_a
POL
245
_a
Dubious Conceptions The Politics Of Teenage Pregnacy
_c
Luker.K
942
_2
udc
_c
BK
999
_c
47862
_d
47862